Ráno kúzelníkov (Record no. 22754)
[ view plain ]
| 000 -LEADER | |
|---|---|
| fixed length control field | 00954nam a2200313 a 4500 |
| 001 - CONTROL NUMBER | |
| control field | 22754 |
| 003 - CONTROL NUMBER IDENTIFIER | |
| control field | SK-KTurca |
| 005 - DATE AND TIME OF LATEST TRANSACTION | |
| control field | 20260422164427.0 |
| 008 - FIXED-LENGTH DATA ELEMENTS--GENERAL INFORMATION | |
| fixed length control field | 250414s1991 xo 0 slo |
| 015 ## - NATIONAL BIBLIOGRAPHY NUMBER | |
| National bibliography number | SNBA1991/07 |
| 020 ## - INTERNATIONAL STANDARD BOOK NUMBER | |
| International Standard Book Number | 8071270199 |
| 035 ## - SYSTEM CONTROL NUMBER | |
| System control number | SNK000007774 |
| 040 ## - CATALOGING SOURCE | |
| Original cataloging agency | SNK |
| Language of cataloging | slo |
| Transcribing agency | SNK |
| Description conventions | AACR2 |
| 041 0# - LANGUAGE CODE | |
| Language code of text/sound track or separate title | slo |
| 044 ## - COUNTRY OF PUBLISHING/PRODUCING ENTITY CODE | |
| MARC country code | xo |
| ISO country code | SK |
| 080 ## - UNIVERSAL DECIMAL CLASSIFICATION NUMBER | |
| Universal Decimal Classification number | 001.19(0.062) |
| Edition identifier | 1981 |
| 100 1# - MAIN ENTRY--PERSONAL NAME | |
| Personal name | Pauwels, Louis, |
| Dates associated with a name | 1920-1997 |
| Relationship | aut |
| 240 13 - UNIFORM TITLE | |
| Uniform title | Le matin des magiciens |
| Language of a work | Slovensky |
| 245 10 - TITLE STATEMENT | |
| Title | Ráno kúzelníkov |
| Remainder of title | úvod do fantastického realizmu |
| Statement of responsibility, etc. | Louis Pauwels, Jacques Bergier |
| 250 ## - EDITION STATEMENT | |
| Edition statement | 1. vyd. |
| 260 ## - PUBLICATION, DISTRIBUTION, ETC. | |
| Place of publication, distribution, etc. | Bratislava |
| Name of publisher, distributor, etc. | Bradlo |
| Date of publication, distribution, etc. | 1991 |
| Place of manufacture | Nitra |
| Manufacturer | Nitrianske tlačiarne |
| 300 ## - PHYSICAL DESCRIPTION | |
| Extent | 408 s. |
| Dimensions | 21 cm |
| 500 ## - GENERAL NOTE | |
| General note | Ilustr. na tit. liste. |
| 650 07 - SUBJECT ADDED ENTRY--TOPICAL TERM | |
| Topical term or geographic name entry element | vedecké poznanie |
| Source of heading or term | SNKPH |
| 700 1# - ADDED ENTRY--PERSONAL NAME | |
| Personal name | Bergier, Jacques, |
| Dates associated with a name | 1912-1978 |
| Relationship | aut |
| 942 ## - ADDED ENTRY ELEMENTS (KOHA) | |
| Source of classification or shelving scheme | Dewey Decimal Classification |
| Koha item type | Krásna literatúra pre dospelých |
| Suppress in OPAC | No |
| Stav vyradenia | Strata | Poškodenie | Spôsob nadobudnutia | Domovská knižnica | Aktuálna knižnica | Dátum nadobudnutia | Total checkouts | Čiarový kód exemplára | Date last seen | Typ exemplára |
|---|---|---|---|---|---|---|---|---|---|---|
| Dar | Obecná knižnica Folkušová | Obecná knižnica Folkušová | 22.04.2026 | 4734401083 | 22.04.2026 | Krásna literatúra pre dospelých |
